Momente A1 Deutsch als fremdsprache. Kursbuch/

Na minha lista:
Detalhes bibliográficos
Autor principal: Evans, Sandra
Outros Autores: Pude, Angela, Specht, Franz
Formato: Livro
Idioma:eslovaco
Publicado em: Mníchov: Hueber Verlag GmbH, 2021
Acesso em linha:View in OPAC
Tags: Adicionar Tag
Sem tags, seja o primeiro a adicionar uma tag!

MARC

LEADER 00000nam a22000007a 4500
003 SK-BrSCK
005 20260127134425.0
008 231011b xo ||||| |||| 00| 0 slo d
040 |a SK-BrSCK  |b slo  |c SK-BrSCK 
100 |9 2421  |a Evans, Sandra 
245 |a Momente A1  |b Deutsch als fremdsprache. Kursbuch/  |c Sandra Evans, Angela Pude, Franz Specht 
260 |a Mníchov:  |b Hueber Verlag GmbH,  |c 2021 
300 |a 208 s.:   |b Ilustr.,tab.;  |c 30 cm 
700 |9 2422  |a Pude, Angela 
700 |9 2423  |a Specht, Franz 
942 |2 udc  |c 14 
999 |c 12479  |d 12479